<The> Connective Edge Leading in an Interdependent World

Saved in:
Bibliographic Details
Main Author: Lipman-Blumen, Jean
Format: Book
Language:English
Published: San Francisco Jossey-Bass Publ. 1996
Edition:1. ed.
Series:<The> Jossey-Bass Business and Management Series
Subjects:
Tags: Add Tag
No Tags, Be the first to tag this record!

MARC

LEADER 00000nam a2200000 4500
001 c020091
005 20221205125039.3
020 |a 0-7879-0243-8 
041 0 |a eng 
044 |a US 
245 1 0 |a <The> Connective Edge  |b Leading in an Interdependent World  |c Jean Lipman-Blumen 
250 |a 1. ed. 
264 1 |a San Francisco  |b Jossey-Bass Publ.  |c 1996 
300 |a 401 s. 
490 1 |a <The> Jossey-Bass Business and Management Series 
830 0 |a <The> Jossey-Bass Business and Management Series 
610 2 0 |a vedenie 
610 2 0 |a riadenie 
610 2 0 |a štýl pracovný 
610 2 0 |a zmeny štruktúrne 
610 2 0 |a svet 
610 2 0 |a formy riadenia 
610 2 0 |a komunikácia 
100 1 |a Lipman-Blumen, Jean